<?xml version="1.0" encoding="UTF-8"?>
<collection xmlns="http://www.loc.gov/MARC21/slim">
 <record>
  <leader>00538nam a22001815a 4500</leader>
  <controlfield tag="001">EHU.bham023419</controlfield>
  <controlfield tag="003">AR-BHAM</controlfield>
  <controlfield tag="005">20110208131414.0</controlfield>
  <controlfield tag="008">130507s1979##################000#0#####d</controlfield>
  <datafield tag="082" ind1="8" ind2="9">
   <subfield code="a">895.644</subfield>
  </datafield>
  <datafield tag="100" ind1="1" ind2=" ">
   <subfield code="a">Ikeda, Daisaku</subfield>
  </datafield>
  <datafield tag="245" ind1="1" ind2="0">
   <subfield code="a">Glass children and other essays /</subfield>
   <subfield code="c">Daisaku Ikeda</subfield>
  </datafield>
  <datafield tag="260" ind1=" " ind2=" ">
   <subfield code="a">Tokyo :</subfield>
   <subfield code="b">Kodansha international,</subfield>
   <subfield code="c">1979</subfield>
  </datafield>
  <datafield tag="300" ind1=" " ind2=" ">
   <subfield code="a">172 p.</subfield>
  </datafield>
  <datafield tag="500" ind1=" " ind2=" ">
   <subfield code="a">Trad.: Burton Watson</subfield>
  </datafield>
  <datafield tag="653" ind1=" " ind2=" ">
   <subfield code="a">Poesia japonesa</subfield>
  </datafield>
  <datafield tag="653" ind1=" " ind2=" ">
   <subfield code="a">Literatura japonesa</subfield>
  </datafield>
  <datafield tag="859" ind1=" " ind2=" ">
   <subfield code="a">AR-BHAM</subfield>
   <subfield code="b">BIB. HUMANIDADES - General</subfield>
   <subfield code="h">895.644</subfield>
   <subfield code="i">IK3</subfield>
   <subfield code="p">260.83</subfield>
   <subfield code="t">Ej.1</subfield>
  </datafield>
 </record>
</collection>
